| 000 | 00831nam a2200289Ia 4500 | ||
|---|---|---|---|
| 001 | dia_32 | ||
| 003 | CHAP | ||
| 005 | 20221206133921.0 | ||
| 008 | 220117s1997 xx 000 0 und d | ||
| 010 | _a170464 | ||
| 020 | _a1-56676-507-2 | ||
| 040 | _cCHAP | ||
| 082 | _a664.8 S65 | ||
| 100 |
_aSmith, Durward S. _9147013 |
||
| 245 |
_aProcessing vegetables science and technology / _c Durward S. Smith y otros |
||
| 260 |
_aUSA : _b Technomic Publishing, _c1997 |
||
| 300 | _a434 p. | ||
| 400 | _aScience and technology | ||
| 500 | _aMaterial Fotocopiado | ||
| 503 | _aI. 205581 | ||
| 650 |
_a1.Vegetales _xProcesamiento _9147014 |
||
| 650 |
_aAlimentos procesados _9147015 |
||
| 901 | _a664.8 S65 | ||
| 902 | _aM | ||
| 905 | _a0000001997 -usA 0000000000eng00 | ||
| 942 |
_cLIBRO _2ddc |
||
| 999 |
_c170464 _d170464 |
||